El Estado, el mercado y el desarrollo
Guardado en:
| Formato: | Texto |
|---|---|
| Materias: | |
| Etiquetas: |
Agregar Etiqueta
Sin Etiquetas, Sea el primero en etiquetar este registro!
|
MARC
| LEADER | 00000 a a2200000 04500 | ||
|---|---|---|---|
| 001 | 6660 | ||
| 003 | |||
| 040 | |||
| 245 | |a El Estado, el mercado y el desarrollo | ||
| 650 | |a MODELOS ECONOMICOS | ||
| 650 | |a ESTADO | ||
| 650 | |a MERCADOS | ||
| 650 | |a CRECIMIENTO ECONOMICO | ||
| 773 | |g volumen 23, número 1049; páginas 8-9 | ||
| 999 | |c 30112 |d 30112 | ||
